| 000 | 00563nam a2200157 i 4500 | ||
|---|---|---|---|
| 001 | 28845 | ||
| 003 | ES-MaACL | ||
| 005 | 20230906153934.0 | ||
| 007 | t| | ||
| 008 | 030120s1978 xxu ||||1| eng d | ||
| 100 | 1 |
_aBarbarino, Joseph Louis. _925385 |
|
| 245 | 1 | 4 |
_aThe evolution of the Latin [b]-[u] merger _b: a quantitative and comparative analysis of the B-V alteration in latin inscriptions / _cby Joseph Louis Barbarino. |
| 260 |
_aChapel Hill : _bUniversity of North Carolina, _c1978. |
||
| 300 |
_a171 p. ; _c24 cm. |
||
| 852 |
_aES-MaACL _jA-9712 _bR.98663 |
||
| 999 |
_c28845 _d28845 |
||